000 01074cam a22003137a 4500
003 CHAP
005 20220817042151.0
008 971013s1973 r 00010 d
010 _a36544
011 _a37516
035 _a41636
040 _cCHAP
082 _a631.531
_bM4ip 1973-74
110 _aMéxico. Dirección General de Agricultura
245 0 _aVariedades, épocas de siembra y cosecha de los principales cultivos
_b: ciclos agrícolas invierno 1973-74 y primavera-verano 1974
260 _a(México, D.F.) :
_bLa Dirección,
_c(1973)
300 _a110 p
590 _aBATCH-UPD
_b10
_c20130110
_lUCH01
_h0943
590 _aBATCH-UPD
_b10
_c20130410
_lUCH01
_h0559
590 _aBATCH-UPD
_b10
_c20130914
_lUCH01
_h1118
590 _aCONVERSION
_b10
_c20130109
_lUCH01
_h1320
650 1 4 _aCultivos
_xRendimiento.
_930318
650 1 4 _aCultivos
_zMéxico.
_930363
650 1 4 _aFechas de cosecha.
_939903
650 1 4 _aFechas de siembra.
_939904
901 _aBK
942 _cLIBRO
949 _a631.531 M4ip 1973-74
_bBC
_cC
_d33724000537742
_eC
_h43253
_i41636
_mD
_si
999 _c36544
_d36544